[Event "Groningen op"]
[Site "Groningen"]
[Date "1994.??.??"]
[Round "11"]
[White "Dive, Russell John"]
[Black "Fries Nielsen, Jens Ove"]
[Result "1/2-1/2"]
[WhiteElo "2315"]
[BlackElo "2420"]

1.d4 Nf6 2.c4 e6 3.Nc3 Bb4 4.Qc2 O-O 5.a3 Bxc3+ 6.Qxc3 b6 7.Bg5 Bb7 8.e3 d6
9.Nf3 Nbd7 10.Bd3 Rc8 11.b4 c5  1/2-1/2

[Event "SWE-ch"]
[Site "Haparanda"]
[Date "1994.??.??"]
[Round "8"]
[White "Astrom, Robert"]
[Black "Lindberg, Bengt"]
[Result "0-1"]
[WhiteElo "2335"]
[BlackElo "2315"]

1.d4 Nf6 2.c4 e6 3.Nc3 Bb4 4.Qc2 O-O 5.a3 Bxc3+ 6.Qxc3 Qe8 7.f3 d6 8.Bg5 Nfd7
9.e3 e5 10.O-O-O a6 11.Bd3 b5 12.Ne2 bxc4 13.Qxc4 Ra7 14.Qc2 h6 15.Bh4 Nb6
16.Kb1 Rb7 17.Ka1 Nc6 18.Rc1 Bd7 19.Bf2 a5 20.Rhd1 Qa8 21.b3 Nd5 22.Be4 Ncb4
23.axb4 Nxb4 24.Qc4 c6 25.Bc2 Be6 26.Qc3 a4 27.Kb2 axb3 28.Bb1 Qa6 29.d5 Bxd5
30.Ng3 Ra8 31.Bh7+ Kxh7 32.Ra1 Na2 33.Nf5 Qa3+  0-1

[Event "Hastings op9495"]
[Site "Hastings"]
[Date "1994.??.??"]
[Round "?"]
[White "Crouch, Colin S"]
[Black "Lalic, Bogdan"]
[Result "0-1"]
[WhiteElo "2395"]
[BlackElo "2530"]

1.d4 Nf6 2.c4 e6 3.Nc3 Bb4 4.Qc2 O-O 5.Nf3 c5 6.dxc5 Na6 7.g3 Nxc5 8.Bg2 Nce4
9.O-O Nxc3 10.bxc3 Be7 11.Bf4 d6 12.c5 dxc5 13.c4 Qe8 14.Rfd1 Bd7 15.Re1 Ba4
16.Qb1 Bc6 17.e4 Nd7 18.e5 Nb6 19.Qc1 Rd8 20.Re3 Rd7 21.h4 Qc8 22.Bh3 Rfd8
23.Ng5 h6 24.Ne4 Rd1+ 25.Qxd1 Rxd1+ 26.Rxd1 Nxc4 27.Ree1 Nb6 28.Nd6 Qc7 29.Be3 Ba4
30.Rc1 Nd7 31.Nc4 Bc6 32.f4 b5 33.Nd2 c4 34.a4 a6  0-1

[Event "HUN-chT 9394"]
[Site "?"]
[Date "1994.??.??"]
[Round "?"]
[White "Dudas, Janos"]
[Black "Fusthy, Zsolt"]
[Result "1-0"]
[WhiteElo "2310"]
[BlackElo "2305"]

1.d4 Nf6 2.c4 e6 3.Nc3 Bb4 4.Qc2 O-O 5.Bg5 c5 6.e3 Nc6 7.Nf3 cxd4 8.exd4 d5
9.a3 Be7 10.Rd1 Qa5 11.Bd3 dxc4 12.Bxc4 Rd8 13.Bf4 Nd5 14.Bd2 Qb6 15.O-O Bf6
16.Bg5 Nce7 17.Ne4 Bxg5 18.Nexg5 Nf6 19.Ne5 Nf5 20.Ngxf7 Rxd4 21.Ng5 Qd6
22.Ngf3 Bd7 23.Nxd4 Nxd4 24.Nxd7 Qxd7 25.Bxe6+ Qxe6 26.Rxd4 Rc8 27.Qd2 h6
28.Rd8+ Rxd8 29.Qxd8+ Kh7 30.h3 a6 31.Rd1 b5 32.Qd6  1-0

[Event "HUN-chT 9394"]
[Site "?"]
[Date "1994.??.??"]
[Round "?"]
[White "Varga, Peter"]
[Black "Horvath, Sandor"]
[Result "0-1"]
[WhiteElo "2250"]
[BlackElo "2205"]

1.d4 Nf6 2.c4 e6 3.Nc3 Bb4 4.Qc2 O-O 5.a3 Bxc3+ 6.Qxc3 b6 7.Nf3 Bb7 8.e3 d6
9.Be2 Nbd7 10.b4 a5 11.Bb2 Ne4 12.Qc2 Ng5 13.b5 Rc8 14.a4 Qe7 15.Nd2 f5 16.O-O Rf6
17.c5 Nh3+ 18.Kh1 Bxg2+ 19.Kxg2 Rg6+ 20.Kh1 Qg5 21.Bf3 Qg1+  0-1

[Event "HUN-chT 9394"]
[Site "?"]
[Date "1994.??.??"]
[Round "?"]
[White "Peter, Ambrus"]
[Black "Horvath, Sandor"]
[Result "1-0"]
[WhiteElo "2305"]
[BlackElo "2205"]

1.d4 Nf6 2.c4 e6 3.Nc3 Bb4 4.Qc2 O-O 5.a3 Bxc3+ 6.Qxc3 d6 7.Bg5 Nbd7 8.e3 e5
9.dxe5 dxe5 10.Bd3 Qe7 11.Ne2 h6 12.Bh4 Re8 13.Bc2 a5 14.O-O Nc5 15.b4 Ncd7
16.Rad1 c6 17.Ng3 g6 18.c5 Nd5 19.Qc4 Qe6 20.Ne4 f5 21.Nd6 b5 22.Qb3 a4 23.Qb2 Rf8
24.e4 Nf4 25.Bb1 fxe4 26.Bxe4 Nd5 27.Qa2 g5 28.Bg3 N7f6 29.Bf5 Qe7 30.Nxc8 Raxc8
31.Bxc8 Rxc8 32.Rfe1 e4 33.h4 g4 34.Rd4 Re8 35.Qd2 Kh7 36.h5 Qe6 37.Bf4 Qf5
38.Bxh6 Qxh5 39.Bg5 g3 40.fxg3 Ng4 41.Bh4 Qf5 42.Qe2 Nde3 43.Rd6 Rf8 44.Rxc6 Qe5
45.Qd2 Qf5 46.Rc7+ Kg6 47.Qd6+ Kh5 48.Rh7+ Qxh7 49.Qxf8 Qd7 50.Qh8+ Kg6 51.Qg8+ Kf5
52.Rf1+ Ke5 53.Bf6+ Nxf6 54.Qg5+ Kd4 55.Qxf6+ Kd5 56.Qg5+  1-0

[Event "HUN-chT 9394"]
[Site "?"]
[Date "1994.??.??"]
[Round "?"]
[White "Schroter, Tamas"]
[Black "Egedi, Istvan"]
[Result "1/2-1/2"]
[WhiteElo "2295"]
[BlackElo "2290"]

1.d4 Nf6 2.c4 e6 3.Nc3 Bb4 4.Qc2 O-O 5.a3 Bxc3+ 6.Qxc3 b6 7.Bg5 Bb7 8.f3 d6
9.Nh3 Nbd7 10.e4 e5 11.Bd3 Qe8 12.O-O h6 13.Bh4 c5 14.dxe5 dxe5 15.Bc2 g5
16.Bg3 Bc6 17.Nf2 Qe7 18.Rad1 Rfe8 19.Rd2 Nf8 20.Rfd1 Ng6 21.Rd6 Rac8 22.R1d3 Bd7
23.Rxf6 Qxf6 24.Rxd7 h5 25.h3 Rcd8 26.Rd5 Rd6 27.Ba4 Ree6 28.Nd3 Nf4 29.Bxf4 gxf4
30.Rxd6 Rxd6 31.Qxe5 Qxe5 32.Nxe5 a5 33.Bb5 Kg7 34.Nc6 Rd1+ 35.Kh2 Kf6 36.b4 cxb4
37.axb4 Ra1 38.c5 bxc5 39.bxa5 Ke6 40.e5 Kd5 41.a6 c4 42.Nd8 c3 43.Bd3 Kxe5
44.a7 Kd4 45.Be4 Kc5 46.Nxf7 Rxa7 47.Ne5 Kb5 48.Nc6 Ra4 49.Ne5 Rd4 50.h4 Rd2
51.Ng6 c2 52.Bxc2 Rxc2 53.Nxf4 Rc4 54.Kg3 Rc5 55.Ne6 Re5 56.Ng7 Kc6 57.Kf4 Kd6
58.g4 hxg4 59.fxg4 Ra5 60.h5 Ke7 61.Nf5+ Kf6 62.g5+ Kf7 63.Ne3 Ra4+ 64.Ke5 Rh4
65.g6+ Kg8 66.Kf6 Rxh5 67.Nf5 Rxf5+ 68.Kxf5 Kg7 69.Kg5 Kg8  1/2-1/2

[Event "HUN-chT 9394"]
[Site "?"]
[Date "1994.??.??"]
[Round "?"]
[White "Lehmann, Zoltan"]
[Black "Pogats, Jozsef"]
[Result "1-0"]
[WhiteElo "2300"]
[BlackElo "2270"]

1.d4 Nf6 2.c4 e6 3.Nc3 Bb4 4.Qc2 O-O 5.a3 Bxc3+ 6.Qxc3 b6 7.Bg5 Bb7 8.f3 d6
9.e3 Nbd7 10.Bd3 Qe7 11.Ne2 Rac8 12.O-O Rfe8 13.Qc2 h6 14.Bh4 c5 15.Nc3 Qf8
16.Bg3 a6 17.Qd2 Nh5 18.Bf2 f5 19.e4 f4 20.b4 e5 21.dxc5 dxc5 22.Nd5 Nhf6
23.Rfc1 Qd6 24.Rab1 Bxd5 25.cxd5 b5 26.bxc5 Nxc5 27.Qb4 Nfd7 28.Rc3 Qf8 29.Rbc1 Nxd3
30.Qxf8+ Kxf8 31.Rxc8 Nxc1 32.Rxc1 Rb8 33.Kf1 a5 34.Be1 b4 35.axb4 axb4 36.Rb1 b3
37.Bf2 Ke7 38.Ke2 g5 39.Kd3 h5 40.Kc3 g4 41.Rxb3 Rc8+ 42.Kd2 gxf3 43.gxf3 Rg8
44.Ke2 Kd6 45.Rc3 Ra8 46.Rc6+ Ke7 47.Bh4+ Kf8 48.Rh6 Ra2+ 49.Kd3 Ra3+ 50.Ke2 Ra2+
51.Kf1 Rxh2 52.Bf2 Rh1+ 53.Kg2 Rb1 54.Rxh5 Rb2 55.Kf1 Rb1+ 56.Be1 Nc5 57.Ke2 Rb2+
58.Kd1 Rb1+ 59.Kd2 Nb3+ 60.Kc2 Rxe1 61.Kxb3 Re3+ 62.Kc4 Rxf3 63.Rxe5 Rf1
64.Kc5 f3 65.Kd6 Kg7 66.Rg5+ Kh6 67.Rf5 Kg6 68.Rf8 Kg7 69.Rf4 Re1 70.e5  1-0

[Event "JUG-chT"]
[Site "Igalo"]
[Date "1994.??.??"]
[Round "?"]
[White "Prudnikova, Svetlana"]
[Black "Bojkovic, Natasa"]
[Result "1-0"]
[WhiteElo "2385"]
[BlackElo "2440"]

1.d4 Nf6 2.c4 e6 3.Nc3 Bb4 4.Qc2 O-O 5.a3 Bxc3+ 6.Qxc3 b6 7.Bg5 c5 8.dxc5 bxc5
9.e3 Bb7 10.f3 a5 11.Bd3 d6 12.Ne2 Nbd7 13.O-O Ra6 14.Rad1 Qb8 15.Rd2 h6
16.Bh4 Rc8 17.Qc2 a4 18.Nc3 Bc6 19.Bg3 e5 20.Bf5 Rf8 21.Rfd1 Nb6 22.Nb1 Ne8
23.f4 Qc7 24.fxe5 dxe5 25.Qc3 f6 26.Be6+ Kh8 27.Qd3 Qe7 28.Bd5 Bd7 29.e4 Ra7
30.Bf2 Rc7 31.Rc1 Nc8 32.Nc3 Nb6 33.Nb5 Rc8 34.Be3 Bg4 35.Qc3 Nc7 36.Na7 Ncxd5
37.Nxc8 Nxc3 38.Nxe7 Ne2+ 39.Rxe2  1-0

[Event "JUG-chT"]
[Site "Igalo"]
[Date "1994.??.??"]
[Round "?"]
[White "Tosic, Miroslav"]
[Black "Cvetkovic, Srdjan"]
[Result "0-1"]
[WhiteElo "2450"]
[BlackElo "2440"]

1.c4 Nf6 2.d4 e6 3.Nc3 Bb4 4.Qc2 O-O 5.Bg5 d6 6.Rd1 Nbd7 7.Nf3 h6 8.Bh4 Qe8
9.Nd2 c6 10.e4 e5 11.d5 cxd5 12.cxd5 a6 13.a3 Bc5 14.b4 Bd4 15.Ne2 Ba7 16.Nc4 Qe7
17.f3 Nb6 18.Ne3 Na4 19.Qxa4 Bxe3 20.Qb3 Bb6 21.Bf2 Bxf2+ 22.Kxf2 Bd7 23.Ng3 Rfc8
24.Be2 h5 25.Rhe1 h4 26.Nf1 Nh5 27.Ne3 Qg5 28.Nc4 Nf4 29.Bf1 Bb5 30.Rc1 Bxc4
31.Rxc4 Rxc4 32.Qxc4 Qd8 33.g3 Rc8 34.Qb3 hxg3+ 35.hxg3 Qb6+ 36.Re3 Rc1 37.a4 Qd4
38.a5 Qd2+ 39.Re2 Rxf1+  0-1

[Event "Iraklio Schev"]
[Site "Iraklio"]
[Date "1994.??.??"]
[Round "3"]
[White "Porfiriadis, Sotirios"]
[Black "Inkiov, Ventzislav"]
[Result "1/2-1/2"]
[WhiteElo "2325"]
[BlackElo "2475"]

1.d4 Nf6 2.c4 e6 3.Nc3 Bb4 4.Qc2 O-O 5.a3 Bxc3+ 6.Qxc3 b6 7.Bg5 Bb7 8.f3 h6
9.Bh4 d5 10.e3 Nbd7 11.cxd5 exd5 12.Bd3 c5 13.Ne2 Re8 14.O-O Qe7 15.Bf2 Rac8
16.Qd2 Nh5 17.Rad1 Nf8 18.Rfe1 Ne6 19.b4 a5 20.bxc5 bxc5 21.dxc5 Qxc5 22.Qb2 Qa7
23.Bb5 Red8 24.Nd4 Nxd4 25.Rxd4 Ba6 26.Bxa6 Qxa6 27.Red1 Nf6 28.e4 Rc4 29.R4d2 Qa8
30.Bh4 Qa7+ 31.Bf2 Qa8 32.Bh4 Qa7+ 33.Bf2 Qa8 34.e5 Nh5 35.Qb5 Rcc8 36.Bb6 Re8
37.Rxd5 Nf4 38.R5d2 Qb8 39.Qxa5 Rxe5 40.Rd8+ Re8 41.Rxc8 Rxc8 42.Be3 Qb3
43.Re1 Nd3 44.Rf1 Rc2 45.Qa8+ Kh7 46.Qe4+ Kg8 47.Qe8+ Kh7 48.Qe4+ Kg8 49.Qe8+  1/2-1/2

[Event "Iraklio Schev"]
[Site "Iraklio"]
[Date "1994.??.??"]
[Round "5"]
[White "Porfiriadis, Sotirios"]
[Black "Rajkovic, Dusan"]
[Result "1/2-1/2"]
[WhiteElo "2325"]
[BlackElo "2505"]

1.d4 Nf6 2.c4 e6 3.Nc3 Bb4 4.Qc2 O-O 5.a3 Bxc3+ 6.Qxc3 b6 7.Bg5 c5 8.dxc5 bxc5
9.e3 a5 10.Bd3 a4 11.Ne2 Bb7 12.O-O d6 13.Rad1 Nbd7 14.f3 Ra6 15.Qc2 h6 16.Bh4 Qa8
17.Nc3 Rc8 18.Qe2 Ne8 19.Bg3 Ndf6 20.h3 Bc6 21.Rd2 Rb6 22.e4 Nh5 23.Bh2 e5
24.g3 Nhf6 25.f4 Qb7 26.g4 exf4 27.Bxf4 Qe7 28.Qg2 g5 29.Bh2 Rb3 30.Re2 Qe6
31.Qf2 Rd8 32.e5 dxe5 33.Rxe5 Nxg4 34.Rxe6 Nxf2 35.Rxc6 Nxd3 36.Rxh6 Kg7
37.Rh5 f6 38.h4 g4 39.Nd5 Rxb2 40.Rhf5 Rc2  1/2-1/2

[Event "Iraklio Schev"]
[Site "Iraklio"]
[Date "1994.??.??"]
[Round "5"]
[White "Lirindzakis, Timotheos"]
[Black "Inkiov, Ventzislav"]
[Result "0-1"]
[WhiteElo "2400"]
[BlackElo "2475"]

1.d4 Nf6 2.c4 e6 3.Nc3 Bb4 4.Qc2 O-O 5.a3 Bxc3+ 6.Qxc3 b6 7.Bg5 c5 8.dxc5 bxc5
9.e3 Bb7 10.f3 a5 11.Bd3 d6 12.Bxf6 Qxf6 13.Qxf6 gxf6 14.Ne2 Nd7 15.Nc3 Ne5
16.Be2 Rfd8 17.O-O-O Kf8 18.Rd2 Ke7 19.Rhd1 f5 20.f4 Ng4 21.Bxg4 fxg4 22.e4 Ba6
23.e5 dxe5 24.fxe5 Bxc4 25.Ne4 Rd5 26.Rxd5 exd5 27.Nxc5 Rc8 28.b4 axb4 29.axb4 Ra8
30.Rd2 Ra1+ 31.Kb2 Re1 32.Kc3 Rxe5 33.Rb2 Kd6 34.Kd4 Re1 35.Rf2 Rd1+ 36.Kc3 Ke7
37.Rb2 Bb5 38.Rd2 Rc1+ 39.Kb2 Rc4 40.Rxd5 Rxb4+ 41.Kc3 Rc4+ 42.Kb3 Rc1 43.g3 Bc4+
44.Kb2 Rh1 45.Rh5 Bf1 46.Rxh7 Bh3 47.Kc3 Rxh2 48.Ne4 Rh1 49.Kd4 Rf1 50.Nd2 Re1
51.Rh5 f6 52.Rf5 Ke6 53.Rf2 f5 54.Kd3 Rg1 55.Re2+ Kf6 56.Re3 Bg2 57.Ke2 Bd5
58.Kf2 Rg2+ 59.Ke1 Kg5 60.Rc3 Bb7 61.Rb3 Ba6 62.Ra3 Bb5 63.Rb3 Re2+ 64.Kf1 Re5+
65.Kg1 Rc5 66.Rb2 Bc6 67.Kf2 Rc3 68.Ra2 Rd3 69.Rc2 Bd5 70.Rb2 Kf6 71.Rc2 Ke5
72.Nf1 Rf3+ 73.Ke2 Be4 74.Rd2 Ke6 75.Rd8 Bb7 76.Re8+ Kf7 77.Re3 Ba6+  0-1

[Event "IRL-ch"]
[Site "?"]
[Date "1994.??.??"]
[Round "3"]
[White "Clarke, Thomas"]
[Black "Nicholson, John"]
[Result "1-0"]
[WhiteElo "2225"]
[BlackElo "2065"]

1.d4 Nf6 2.c4 e6 3.Nc3 Bb4 4.Qc2 O-O 5.e4 c5 6.a3 Qa5 7.dxc5 Bxc3+ 8.bxc3 Nxe4
9.Qxe4 Qxc3+ 10.Kd1 Qxa1 11.Nf3 Nc6 12.Kc2 f5 13.Qh4 Qf6 14.Bg5 Qf7 15.Bf4 h6
16.Bd6 Re8 17.Rg1 b6 18.Be2 e5 19.g4 e4 20.gxf5 Qxf5 21.Qxh6 exf3+ 22.Bd3 Nd4+
23.Kc3 Ne2+ 24.Bxe2 Qh7 25.Qxh7+ Kxh7 26.Bxf3 Ba6 27.Bxa8 Rxa8 28.Be5 g6
29.Rd1 bxc5 30.Rxd7+ Kh6 31.Bf4+ Kh5 32.h3 g5 33.Be3 g4 34.Rh7+  1-0

[Event "ISL-ch playoff"]
[Site "?"]
[Date "1994.??.??"]
[Round "1"]
[White "Olafsson, Helgi"]
[Black "Stefansson, Hannes"]
[Result "0-1"]
[WhiteElo "2535"]
[BlackElo "2525"]

1.d4 Nf6 2.c4 e6 3.Nc3 Bb4 4.Qc2 O-O 5.a3 Bxc3+ 6.Qxc3 b6 7.Bg5 Bb7 8.f3 h6
9.Bh4 d5 10.e3 Nbd7 11.cxd5 Nxd5 12.Bxd8 Nxc3 13.Bxc7 Nd5 14.Bf4 Rfd8 15.Bc4 Nxf4
16.exf4 Rac8 17.Bb3 Nb8 18.Ne2 Ba6 19.d5 exd5 20.Nd4 Re8+ 21.Kd1 Re3 22.Bc2 Nc6
23.Nxc6 Rxc6 24.Rc1 Rce6 25.Bf5 Re7 26.Rc2 g6 27.Bc8 Bc4 28.Rc3 Rxc3 29.bxc3 Re3
30.Kd2 Re2+ 31.Kc1 Rxg2 32.f5 Bd3 33.fxg6 Bxg6 34.Bd7 Rc2+ 35.Kd1 Rxc3  0-1

[Event "Isle of Man op"]
[Site "Isle of Man"]
[Date "1994.??.??"]
[Round "8"]
[White "Flear, Glenn C"]
[Black "Maggs, Steven"]
[Result "1-0"]
[WhiteElo "2505"]
[BlackElo "2085"]

1.d4 Nf6 2.c4 e6 3.Nc3 Bb4 4.Qc2 O-O 5.a3 Bxc3+ 6.Qxc3 d5 7.Bg5 c6 8.e3 Nbd7
9.Bd3 h6 10.Bh4 dxc4 11.Qxc4 Qe7 12.Nf3 e5 13.dxe5 Nxe5 14.Nxe5 Qxe5 15.Qc2 Be6
16.O-O Rad8 17.Rad1 Rd7 18.Rfe1 g5 19.Bg3 Qa5 20.Bf1 Rfd8 21.Rxd7 Rxd7 22.Rd1 Rxd1
23.Qxd1 Qd5 24.Qxd5 Nxd5 25.Bd3 Kf8 26.Kf1 Ke7 27.Ke1 Kd7 28.Kd2 c5 29.Bb8 a6
30.e4 Ne7 31.Be5 b5 32.Be2 Ng8 33.Ke3 f6 34.Bc3 Kc6 35.Bh5 Kd6 36.h3 Bc4
37.g3 Ke7 38.h4 Be6 39.Ba5 Kd7 40.f4 gxh4 41.f5 Bb3 42.gxh4 Ke7 43.Kf4 Kd6
44.Bc3 Bc4 45.Bf3 Kc7 46.e5 fxe5+ 47.Kxe5 Bf7 48.f6 c4 49.Bd5 Nxf6 50.Bxf7  1-0

[Event "Karditsa"]
[Site "Karditsa"]
[Date "1994.??.??"]
[Round "?"]
[White "Mozetic, Dejan"]
[Black "Kalesis, Nikolaos"]
[Result "1-0"]
[WhiteElo "2585"]
[BlackElo "2415"]

1.d4 Nf6 2.c4 e6 3.Nc3 Bb4 4.Qc2 O-O 5.a3 Bxc3+ 6.Qxc3 b6 7.Bg5 Bb7 8.e3 d6
9.f3 Nbd7 10.Nh3 h6 11.Bh4 Rc8 12.Nf2 c5 13.Ng4 Qc7 14.Nxf6+ Nxf6 15.dxc5 Qxc5
16.b4 Qe5 17.Qxe5 dxe5 18.Be2 Ba6 19.b5 Bb7 20.Rd1 Rc7 21.Kf2 g5 22.Bg3 Nd7
23.Rd6 f5 24.Rhd1 Rf7 25.Kg1 Re7 26.a4 f4 27.Bf2 e4 28.exf4 gxf4 29.a5 Rg7
30.Kf1 e3 31.Be1 e5 32.a6 Ba8 33.c5 bxc5 34.Ba5 Nb6 35.Bxb6 axb6 36.Rd8+ Kf7
37.Bc4+ Ke7 38.Rxa8 e4 39.fxe4  1-0

[Event "Kstovo op"]
[Site "Kstovo"]
[Date "1994.??.??"]
[Round "7"]
[White "Tunik, Gennady"]
[Black "Brodsky, Michail"]
[Result "1/2-1/2"]
[WhiteElo "2450"]
[BlackElo "2540"]

1.d4 Nf6 2.c4 e6 3.Nc3 Bb4 4.Qc2 O-O 5.a3 Bxc3+ 6.Qxc3 b6 7.Bg5 Bb7 8.f3 h6
9.Bh4 d5 10.e3 Nbd7 11.cxd5 Nxd5 12.Bxd8 Nxc3 13.Bh4 Nd5 14.Bf2 Rac8 15.e4 Ne7
16.Bb5 c6 17.Ba4 b5 18.Bc2 c5 19.dxc5 Nxc5 20.Ne2 Rfd8 21.Rd1 Rxd1+ 22.Kxd1 a6
23.Kd2 Ng6 24.Bg3 Nd7 25.Rd1 Kf8 26.Kc1 Ke8 27.Nf4 Nxf4 28.Bxf4 e5 29.Be3 Ke7
30.b3 Nc5 31.Kb2 Ne6 32.h4 Rd8 33.Rxd8 Nxd8 34.Kc3 Kd6 35.b4 Ne6 36.g3 g5
37.h5 Bc6 38.Bb3 f6 39.g4 Bb7 40.Ba7 Bc6  1/2-1/2

[Event "Kurgan"]
[Site "Kurgan"]
[Date "1994.??.??"]
[Round "8"]
[White "Obukhov, Alexander"]
[Black "Mochalov, Evgeny V"]
[Result "1-0"]
[WhiteElo "2445"]
[BlackElo "2450"]

1.d4 Nf6 2.c4 e6 3.Nc3 Bb4 4.Qc2 O-O 5.a3 Bxc3+ 6.Qxc3 b6 7.Bg5 c5 8.dxc5 bxc5
9.e3 d6 10.Rd1 Nbd7 11.Rxd6 Qc7 12.Rd1 Ne4 13.Qc2 Nxg5 14.h4 Qa5+ 15.Rd2 Ne4
16.Qxe4 Rb8 17.Qc2 Nf6 18.Bd3 Bb7 19.f3 Qc7 20.Ne2 Qe5 21.Qc3 Nd7 22.b3 f5
23.Bc2 Qc7 24.Kf2 Rbe8 25.h5 Nf6 26.Nf4 e5 27.Nd5 Nxd5 28.cxd5 Qd6 29.e4 f4
30.Bd3 Rc8 31.Qa5 Rf7 32.Rc2 Rfc7 33.Rhc1 Qf6 34.Rxc5 Qh4+ 35.Ke2 Qh2 36.Rxc7 Qxg2+
37.Kd1 Qxf3+ 38.Kc2 Qf2+ 39.Kb1 Rb8 40.Rxg7+ Kxg7 41.Qc7+ Kh6 42.Qd6+ Kg5
43.Qxe5+ Kg4 44.Qxb8 Qd4 45.Qg8+ Kf3 46.Rf1+  1-0

[Event "Las Palmas-B"]
[Site "Las Palmas"]
[Date "1994.??.??"]
[Round "5"]
[White "Sarmiento, Braulio Alfonso"]
[Black "Kurajica, Bojan"]
[Result "0-1"]
[WhiteElo "2230"]
[BlackElo "2565"]

1.d4 Nf6 2.c4 e6 3.Nc3 Bb4 4.Qc2 O-O 5.a3 Bxc3+ 6.Qxc3 b6 7.Nf3 Bb7 8.e3 d6
9.Be2 Nbd7 10.O-O c5 11.b4 Rc8 12.dxc5 bxc5 13.b5 Ne4 14.Qc2 f5 15.a4 Rf6
16.Ne1 Rh6 17.Nf3 g5 18.g3 Ndf6 19.Ne1 Qe8 20.f3 Qh5 21.Bd3 Nxg3 22.Rf2 g4
23.Rg2 Nge4 24.fxe4 Nxe4 25.Bb2 Ng5 26.Rg3 Rf8 27.Qe2 Qh4 28.e4 Nh3+ 29.Kh1 Nf4
30.Qf2 fxe4  0-1

[Event "Lazne Bohdanec"]
[Site "Lazne Bohdanec"]
[Date "1994.??.??"]
[Round "3"]
[White "Babula, Vlastimil"]
[Black "Rogers, Ian"]
[Result "0-1"]
[WhiteElo "2505"]
[BlackElo "2565"]

1.d4 Nf6 2.c4 e6 3.Nc3 Bb4 4.Qc2 O-O 5.a3 Bxc3+ 6.Qxc3 b6 7.Bg5 c5 8.dxc5 bxc5
9.f3 Nc6 10.Nh3 h6 11.Bh4 Qa5 12.Qxa5 Nxa5 13.e4 d6 14.O-O-O Nb3+ 15.Kb1 Nd4
16.Bf2 e5 17.Bxd4 cxd4 18.Nf2 Be6 19.Rc1 Rfc8 20.Be2 a5 21.Rc2 a4 22.Rhc1 Nd7
23.Nd3 Ra5 24.Nb4 Nc5 25.g4 Ra7 26.Rd1 g6 27.Rg1 Kg7 28.h4 Rac7 29.Bf1 Nb3
30.Na6 Ra7 31.Nb4 Na5 32.Nd5 Rb7 33.Bd3 Rb3 34.Rd1 Nb7 35.Rf2 Bxd5 36.cxd5 Nc5
37.Bc4 Nxe4 38.fxe4 Rxc4 39.Rdf1 Rc7 40.Rf3 Rcb7 41.R1f2 Re3 42.Rxe3 dxe3
43.Rg2 Rb3 44.Kc2 f6 45.h5 Kf7 46.Kd1 gxh5 47.gxh5 f5 48.exf5 Kf6  0-1

[Event "Leeuwarden op"]
[Site "Leeuwarden"]
[Date "1994.??.??"]
[Round "5"]
[White "Lorscheid, Gerhard"]
[Black "Lingnau, Carsten"]
[Result "0-1"]
[WhiteElo "2295"]
[BlackElo "2400"]

1.d4 Nf6 2.c4 e6 3.Nc3 Bb4 4.Qc2 O-O 5.a3 Bxc3+ 6.Qxc3 b6 7.Bg5 c5 8.dxc5 bxc5
9.e3 d6 10.Bd3 a5 11.Ne2 Nbd7 12.Rd1 a4 13.O-O Bb7 14.Qc2 h6 15.Bh4 Qc7 16.Bg3 e5
17.Nc3 Bc6 18.Rd2 Rfb8 19.Rfd1 Nb6 20.Ne4 Nxe4 21.Bxe4 Bxe4 22.Qxe4 Rd8 23.f4 f6
24.Bh4 Rab8 25.Be1 Qb7 26.Qxb7 Rxb7 27.Rxd6 Rxd6 28.Rxd6 Nxc4 29.Rd8+ Kf7
30.fxe5 Rxb2 31.exf6 gxf6 32.Rd3 Re2 33.Bg3 Ke6 34.Bf4 h5 35.Kf1 Ra2 36.Rc3 Nd2+  0-1

[Event "Legnica Voivode Cup"]
[Site "Legnica"]
[Date "1994.??.??"]
[Round "?"]
[White "Sapis, Witalis"]
[Black "Macieja, Bartlomiej"]
[Result "1/2-1/2"]
[WhiteElo "2435"]
[BlackElo "2420"]

1.d4 Nf6 2.c4 e6 3.Nc3 Bb4 4.Qc2 O-O 5.a3 Bxc3+ 6.Qxc3 b6 7.Nf3 Bb7 8.g3 c5
9.dxc5 bxc5 10.Bg2 a5 11.b3 Qb6 12.O-O d5 13.cxd5 Bxd5 14.Nd2 Nc6 15.Re1 Bxg2
16.Kxg2 Nd5 17.Qc4 Rfd8 18.Bb2 a4 19.Rab1 Nce7 20.e4 Nf6 21.Bxf6 gxf6 22.bxa4 Qa5
23.Nf3 Qxa4 24.Qxc5 Qxa3 25.Qh5 Ng6 26.e5 Rd5 27.Qh6 Qf8 28.Qxf8+ Nxf8 29.exf6 Nd7  1/2-1/2

[Event "Legnica Voivode Cup"]
[Site "Legnica"]
[Date "1994.??.??"]
[Round "?"]
[White "Collas, Didier"]
[Black "Markowski, Tomasz"]
[Result "1/2-1/2"]
[WhiteElo "2400"]
[BlackElo "2475"]

1.d4 Nf6 2.c4 e6 3.Nc3 Bb4 4.Qc2 O-O 5.a3 Bxc3+ 6.Qxc3 b6 7.Nf3 Bb7 8.e3 d6
9.Be2 Nbd7 10.O-O Ne4 11.Qd3 f5 12.Nd2 Ng5 13.f3 Qe8 14.b4 Rf6 15.Bb2 Rh6
16.Rf2 Qg6 17.Kh1 Qh5 18.Nf1 Qh4 19.Kg1 Rf8 20.Qc2 Rg6 21.Ng3 Nf6 22.d5 Nh5
23.Bd3 Nxg3 24.hxg3 Qxg3 25.Kf1 Bc8 26.dxe6 Bxe6 27.c5 dxc5 28.bxc5 Rh6 29.Qc3 Nf7
30.a4 Rd8 31.cxb6 cxb6 32.Ba6 Rg6 33.a5 h5 34.axb6 axb6 35.Ke2 Qh2 36.Bd3 Rc8
37.Qd4 b5 38.g4 Qh3 39.gxh5 Qxh5 40.Ra6 Bc4 41.Rxg6 Qxg6 42.Bxc4 Rxc4 43.Qd3 Qg5
44.Kf1 Rh4 45.Qc3 Rh1+ 46.Ke2 Kh7 47.Qc5 Nh6 48.Qxb5 Qg1 49.Qd7 Qe1+ 50.Kd3 Rg1
51.Rd2 Qf1+ 52.Kc2 Qxf3 53.Rh2 Qf1 54.Kb3 Qf3 55.Qe6 Rg6 56.Qe7 Qd5+ 57.Kc2 Rc6+
58.Kb1 Qd3+ 59.Ka2 Ra6+ 60.Ba3 Qd5+ 61.Kb1 Qb3+ 62.Bb2 Qa2+ 63.Kc1 Qc4+ 64.Kd2 Rg6
65.Qd7 Qb4+ 66.Kc2 Qe4+ 67.Qd3 Rc6+ 68.Kd2 Qb4+ 69.Bc3 Qc5 70.Rg2 Rc7 71.Qd4 Qxd4+
72.Bxd4 Re7 73.e4 f4 74.Bb2 g6 75.Bf6 Rxe4 76.Rh2 Ra4 77.Kd3 Ra5 78.Ke4 Rf5
79.Be5 f3 80.Bf4 g5 81.Bxg5  1/2-1/2

[Event "Legnica Voivode Cup"]
[Site "Legnica"]
[Date "1994.??.??"]
[Round "?"]
[White "Touzane, Olivier"]
[Black "Kholmov, Ratmir D"]
[Result "1-0"]
[WhiteElo "2320"]
[BlackElo "2460"]

1.d4 Nf6 2.c4 e6 3.Nc3 Bb4 4.Qc2 O-O 5.a3 Bxc3+ 6.Qxc3 b6 7.Bg5 Bb7 8.f3 d5
9.e3 Nbd7 10.cxd5 exd5 11.Bd3 h6 12.Bh4 Re8 13.Ne2 c5 14.O-O Qe7 15.Bf2 Rac8
16.Qd2 Nb8 17.b4 Ba6 18.b5 Bb7 19.g4 Nbd7 20.Ng3 g6 21.h4 Nh7 22.Kg2 Ndf8
23.Rh1 Qf6 24.Ne2 Ne6 25.Raf1 Rcd8 26.Bb1 Nhf8 27.Bg3 Qe7 28.Re1 Ng7 29.Nf4 cxd4
30.exd4 Qxa3 31.Nd3 Rxe1 32.Rxe1 h5 33.Be5 hxg4 34.Qh6 gxf3+ 35.Kf2 Nfe6
36.Bf6 Rd7 37.h5 Rc7 38.hxg6 fxg6 39.Rxe6  1-0

[Event "VfB op 1st"]
[Site "Leipzig"]
[Date "1994.??.??"]
[Round "?"]
[White "Sander, Dirk"]
[Black "Winkler, Erich"]
[Result "1-0"]
[WhiteElo "1760"]
[BlackElo "2530"]

1.d4 Nf6 2.c4 e6 3.Nc3 Bb4 4.Qc2 O-O 5.a3 Be7 6.Bg5 h6 7.Bh4 Nc6 8.Nf3 Nh7
9.Bg3 Ng5 10.Nxg5 Bxg5 11.e3 d6 12.Bd3 Re8 13.O-O h5 14.h3 h4 15.Bh2 Ne7
16.Rad1 Kh8 17.e4 Ng6 18.f4 Bh6 19.Kh1 Ne7 20.Qf2 Nc6 21.d5 exd5 22.exd5 Ne7
23.Qxh4 Nf5 24.Qxd8 Rxd8 25.Rde1 Bd7 26.Bxf5 Bxf5 27.g4 Bd3 28.Rf3 Bxc4 29.g5 Re8
30.Rfe3 Rf8 31.gxh6 gxh6 32.f5 Rg8 33.Rg1 Rg5 34.Rxg5 hxg5 35.Bg1 Kg7 36.Re7 Rc8
37.Bd4+ Kf8 38.f6 c5 39.Be3 Bf1 40.Kh2 b6 41.Bxg5  1-0

[Event "Lenk op"]
[Site "Lenk"]
[Date "1994.??.??"]
[Round "1"]
[White "Barbero, Gerardo F"]
[Black "Jung, Thomas"]
[Result "1-0"]
[WhiteElo "2490"]
[BlackElo "2080"]

1.d4 Nf6 2.c4 e6 3.Nc3 Bb4 4.Qc2 O-O 5.Bg5 b6 6.e3 c5 7.Bd3 h6 8.Bh4 Bb7
9.f3 cxd4 10.exd4 d5 11.cxd5 Bxd5 12.Ne2 Bb7 13.Rd1 Be7 14.a3 Nc6 15.Bf2 Rc8
16.O-O a6 17.Qd2 Bd6 18.Bb1 Ne7 19.Qd3 g6 20.Ne4 Nfd5 21.Qd2 Kg7 22.Nxd6 Qxd6
23.Bg3 Qd7 24.Be5+ Kh7 25.g4 Nc6 26.Bg3 Na5 27.Nf4 Nc4 28.Nxd5 Bxd5 29.Qf2 Kg7
30.Rfe1 Qb5 31.Re2 Rfd8 32.h4 Qc6 33.Kg2 a5 34.Bf4 a4 35.Bd3 b5 36.Rc2 Qb7
37.Rdc1 Rh8 38.Rc3 f6 39.Bg3 Rhd8 40.Re1 Rd7 41.Kh2 Nd6 42.Rc5 Nc4 43.Rxc8 Qxc8
44.Kg2 Rb7 45.Rc1 Qe8 46.Qe2 Rb6 47.Bb1 Qc6 48.Qd3 f5 49.gxf5 exf5 50.Be5+ Kf7
51.Re1 Nxe5 52.dxe5 Qe6 53.h5 Bc4 54.Qd4 g5 55.Rd1 Rc6 56.Qd8 Bf1+ 57.Kxf1 Qc4+
58.Qd3 Qxd3+ 59.Bxd3 Rb6 60.Bxf5  1-0

[Event "Linares op"]
[Site "Linares"]
[Date "1994.??.??"]
[Round "3"]
[White "Atalik, Suat"]
[Black "Veingold, Aleksandr"]
[Result "1/2-1/2"]
[WhiteElo "2530"]
[BlackElo "2465"]

1.d4 Nf6 2.c4 e6 3.Nc3 Bb4 4.Qc2 O-O 5.a3 Bxc3+ 6.Qxc3 b6 7.Bg5 Bb7 8.e3 h6
9.Bh4 d6 10.f3 Nbd7 11.Nh3 c5 12.dxc5 bxc5 13.Bd3 a5 14.O-O Qb6 15.Rad1 Rfb8
16.Bg3 Ne8 17.Rd2 Ndf6 18.e4 e5 19.Re2 Ba6 20.f4 Qb3 21.fxe5 Qxc3 22.bxc3 dxe5
23.Bxe5 Rd8 24.Rf3 Rxd3 25.Rxd3 Bxc4 26.Nf2 Ng4 27.Nxg4 Bxd3 28.Re3 Rd8 29.Bg3 Bc4
30.Ne5 Rd1+ 31.Re1 Rxe1+ 32.Bxe1 Nd6 33.Bf2 Be6 34.Bxc5 Nxe4 35.Bb6 a4 36.Ba5  1/2-1/2

[Event "Lippstadt"]
[Site "Lippstadt"]
[Date "1994.??.??"]
[Round "2"]
[White "Hoffmann, Michael"]
[Black "Arkhipov, Sergey"]
[Result "1/2-1/2"]
[WhiteElo "2470"]
[BlackElo "2530"]

1.d4 Nf6 2.c4 e6 3.Nc3 Bb4 4.Qc2 O-O 5.a3 Bxc3+ 6.Qxc3 d6 7.Bg5 Nbd7 8.e3 b6
9.Bd3 c5 10.Ne2 Ba6 11.b4 h6 12.Bh4 cxd4 13.Qxd4 Ne5 14.b5 Bb7 15.O-O Nxd3
16.Qxd3 d5  1/2-1/2

[Event "Lippstadt"]
[Site "Lippstadt"]
[Date "1994.??.??"]
[Round "3"]
[White "Panzer, Peter"]
[Black "Hoffmann, Michael"]
[Result "0-1"]
[WhiteElo "2420"]
[BlackElo "2470"]

1.d4 Nf6 2.c4 e6 3.Nc3 Bb4 4.Qc2 O-O 5.Nf3 c5 6.dxc5 Na6 7.g3 Nxc5 8.Bg2 Nce4
9.Bd2 Nxd2 10.Nxd2 a6 11.O-O Rb8 12.a3 Be7 13.b4 b6 14.Rfc1 Qc7 15.Rab1 Bb7
16.Bxb7 Qxb7 17.h3 h5 18.Qd3 Rbd8 19.e4 d6 20.Ne2 h4 21.g4 Nd7 22.Qe3 b5
23.cxb5 axb5 24.Nb3 Nf6 25.f3 Ra8 26.Na5 Qd7 27.Nc6 Rfc8 28.Ned4 Bf8 29.Na5 e5
30.Nf5 d5 31.Nxh4 dxe4 32.fxe4 Qe6 33.Qe2 Be7 34.Nf5 Bd8 35.Qxb5 Nxe4 36.Nc6 Bg5
37.Rc2 g6 38.Rf1 gxf5 39.Rxf5 Bf4 40.Qb7 Re8 41.Ne7+ Qxe7 42.Qxe4 Rxa3 43.Rh5 Qa7+
44.Kf1 Qa6+ 45.Rc4 Re3  0-1